| 000 | 00734nam a22002177a 4500 | ||
|---|---|---|---|
| 005 | 20251108171800.0 | ||
| 008 | 250721s2002 xx 000 0 ara d | ||
| 082 | 1 | 4 | _a307.2/صقو |
| 100 | 1 | _aالصقور، صالح خليل | |
| 245 | 1 | 0 |
_aالهجرة الداخلية : _bأشكالها و دوافعها و آثارها على البلدان النامية / |
| 246 | 1 | 3 | _aالضخ الريفي و التضخم الحضري |
| 264 | 1 |
_aعمان : _bدار زهران للنشر والتوزيع، _c2002. |
|
| 300 | _a324ص. | ||
| 650 | 1 | 7 | _aالهجرة الداخلية |
| 650 | 1 | 7 | _aالمجتمع |
| 650 | 1 | 7 | _aالأردن |
| 650 | 1 | 7 | _aالريف |
| 650 | 1 | 7 | _aالمدن |
| 942 |
_2ddc _cBK |
||
| 999 |
_c62372 _d62372 |
||